000 00834nam a22002537a 4500
005 20170124110041.0
010 _aA-845970
020 _c80.00
_a8170188911
035 _aA-845970
037 _bCen Lib/Ret
040 _aDPL
_bEN
082 _a882.08
_bMIS
100 _aMishra, L.N.
_9102034
245 _aSri aurbindo's dramatic theoryand practice /
_cby L.N. Mishra ; edited by A. N. Dwivedi
260 _bB.R publishing corporation
_c1996
_aDelhi
270 _aA-6,Nimri Commercial Centre
_bDelhi
_e110052
300 _ax,244p.
_c19cm(Hb)
490 _aIndia writers series ; edited by A. N. Dwivedi
500 _aIncludes bibliographical references and index
650 _a literature
_96262
650 _apoetry
_9102035
700 _aDwivedi, A. N.
_9102036
942 _2ddc
_cEN
_h882.08
_mMIS
999 _c128549
_d128549